| 000 | 00750nam a2200253Ia 4500 | ||
|---|---|---|---|
| 008 | 180523s9999 xx 000 0 und d | ||
| 020 | _a0-7817-9111-1 | ||
| 050 | _aMAIN RT 41 | ||
| 050 | _b.T56 2005 | ||
| 100 | _aTimby, Barbara K. | ||
| 245 | 0 | _aEssentials of gerontological nursing / | |
| 245 | 0 | _cBarbara K. Timby, Nancy E. Smith. | |
| 260 | _aSingapore : | ||
| 260 | _bPearson Education South Asia, | ||
| 260 | _c2005 | ||
| 300 | _a989 pages : | ||
| 300 | _c26 cm. | ||
| 500 | _aIncludes bibliographical references and index. | ||
| 650 | _aNursing -- Methods -- Infant. | ||
| 650 | _aNursing care -- Methods -- Adult. | ||
| 650 | _aNursing. | ||
| 650 | _xNursing care -- Methods -- Child. | ||
| 650 | _xPediatric nursing. | ||
| 999 |
_c357672 _d357672 |
||